Quiz sur le Niger - Statistiques

Statistiques générales
  • Ce quiz a été pris 3 234 fois
  • Le résultat moyen est 14 sur 20
Statistiques - réponses
Question Réponse % Correct
Désert qui recouvre 80% de la superficie du Niger Sahara
97%
Pays frontalier du Niger le plus peuplé Nigeria
96%
Plus grand pays frontalier du Niger Algérie
94%
Religion la plus pratiquée Islam
94%
Ce lac peu profond que le Niger partage avec 3 autres pays a aujourd'hui pratiquement disparu Lac Tchad
93%
Autres pays frontaliers Mali
92%
Autres pays frontaliers Burkina Faso
86%
Langue officielle Français
83%
Autres pays frontaliers Libye
82%
Devise monétaire actuelle Franc {CFA}
81%
Autres pays frontaliers Bénin
79%
Capitale Niamey
79%
Élément chimique radioactif qui représente 91% des exportations du Niger Uranium
77%
Secteur de l'économie nigérienne qui emploie 90% de la population Agriculture
65%
Terme désignant la frontière sud semi-aride de ce désert, ce qui inclut le sud du Niger Sahel
64%
Peuple berbère nomade du nord du Niger, dont les hommes portent traditionnellement un turban Touaregs
50%
Devise qui devrait remplacer celle-ci dans 16 pays d'Afrique de l'Ouest, dont le Niger, en 2020 Eco
41%
Empire nigérien qui dominait la région entre 1464 et 1591 {Song}haï
22%
Principal groupe ethnique H{aoussa}
19%
Deuxième ou troisième plus grande ville (nommez-en une) Maradi | Zinder
17%
Aucun quiz correspondant
Distribution des résultats
% des personnes avec chaque résultat
Percentile par nombre de réponses
Votre historique - résultats
Vous n’avez pas pris ce quiz